Héroes anónimos : los que hacen la historia : ¡Zapata vive, la lucha sigue!___ /

Guardado en:
Bibliografiske detaljer
Hovedforfatter: Aupart Cisneros, Juan Ramón (realización)
Andre forfattere: Aupart Cisneros, Juan Ramón (guión) (guión), Aupart Cisneros, Juan Ramón (investigación) (investigación), García, Emilio (asesoría) (asesoría), Díaz, Silvia (fotógrafo) (fotógrafo), Luna, Mario (fotógrafo) (fotógrafo), Cruz, Carlos (fotógrafo) (fotógrafo), Aupart Cisneros, Juan Ramón (montaje) (montaje), Castillo, Eugenio (conducción) (conducción)
Format: Slide
Sprog:spansk
Udgivet: México : Cine Film, 2001, c2001
Serier:(Héroes Anónimos: Los que Hacen la Historia)
Fag:
Tags: Tilføj Tag
Ingen Tags, Vær først til at tagge denne postø!

MARC

LEADER 00000ngm^a2200000^a^4500
001 000263321
005 20250521000000.0
009 20260310110609.83
037 |a Acervo ITESO - Biblioteca 
041 |a ESP 
082 |a 972. 06  |b AUP V. 7 
100 |a Aupart Cisneros, Juan Ramón  |e (realización) 
240 1 1 |a [Héroes anónimos: los que hacen la historia] 
245 1 0 |a Héroes anónimos :  |b los que hacen la historia : ¡Zapata vive, la lucha sigue!___ /  |c Realización de J.R. Aupart Cisneros. 
264 4 |a México :  |b Cine Film,  |c 2001, c2001 
264 2 |a México :  |b sin distribuidora,  |c fecha no identificada 
300 |a 1 DVD región 4  |c (63 min.) 
336 |a imagen móvil bidimensional  |b tdi  |2 rdacontenido 
337 |a video  |b v  |2 rdamedio 
338 |a videodisco  |b vd  |2 rdasoporte 
440 1 |a (Héroes Anónimos: Los que Hacen la Historia) 
649 |a XX 
650 |a Revolucionarios Mexicanos -  |x Entrevistas 
650 |a Políticos Mexicanos 
650 |a Documentales 
650 |a Cine en Video -  |z México 
650 |a Cine Mexicano -  |y 2000-2009 
650 |a Cine Mexicano -  |y Siglo XXI 
650 |a Movimientos Campesinos -  |z México -  |x Historia 
650 |a Movimientos Sociales -  |z México -  |x Historia 
650 |a Política -  |z México -  |x Historia 
650 |a Historia Oral -  |z México 
650 |a México -  |x Historia -  |y Revolución Zapatista, 1911-1919 -  |x Tema Principal 
650 |a México -  |x Historia -  |y Revolución, 1910-1917 
650 |a México -  |x Historia -  |y Siglo XX 
650 |a Zapata, Emiliano -  |x Tema Principal 
700 |a Aupart Cisneros, Juan Ramón  |e (guión) 
700 |a Aupart Cisneros, Juan Ramón  |e (investigación) 
700 |a García, Emilio  |e (asesoría) 
700 |a Díaz, Silvia  |e (fotógrafo) 
700 |a Luna, Mario  |e (fotógrafo) 
700 |a Cruz, Carlos  |e (fotógrafo) 
700 |a Aupart Cisneros, Juan Ramón  |e (montaje) 
700 |a Castillo, Eugenio  |e (conducción) 
910 |a Fondo General 
920 |a Audiovisuales - DVDs 
940 |a Películas 
905 |a 302 
901 |a 0500143774  |b IT2  |c DVS  |u 20250521 
902 |a https://opac.biblio.iteso.mx/vufind/Record/000263321